Preguntas Básicas de Argentina - Estadísticas

Estadísticas generales
  • Esta prueba ha sido intentada 83 veces
  • La puntuación promedio es 11 de 15
Estadísticas de respuestas
% Correcto
Capital Ciudad Autónoma de Buenos Aires
97%
Presidente actual Javier Milei
95%
Número de países limítrofes 5
93%
Número de provincias 23
90%
Creador de la bandera Manuel Belgrano
82%
Libertador de Argentina y Chile José de San Martín
81%
Primera palabra en el Himno Oíd
81%
Año de declaración de la independencia 1816
79%
Ciudad en la que se asienta el Monumento a la Bandera Rosario
78%
Deporte Nacional Pato
70%
Animal Nacional Hornero
66%
Ciudad capital más austral Ushuaia
66%
Flor Nacional Ceibo
56%
Primer Presidente Bernardino Rivadavia
49%
Género musical surgido en los años '60 Rock Nacional
47%
No se encontraron pruebas coincidentes
Distribución de puntuación
Porcentaje de gente con cada puntuación
Porcentaje por número respondido
Historial de tus puntuaciones
No has intentado esta prueba.